000 01415cam a2200313 4500
001 ABS68131
008 040812n2004 000 0 eng u
035 _a(Sirsi) u127063
100 _aMorris, J.
245 _aIntegrating flood management and agri-environment through washland creation in the UK
260 _c2004
490 _aFarm Management
_v12(1) July 2004, 33-48(16)
520 _aExplores the feasibility of flood storage and washland creation, the likely economic impacts of this type of development and the financial and institutional mechanism required to achieve implementation. The outcome is the identification and assessment of a washland package within the UK agri-environment framework. However, given the diversity of circumstance and practice, it is suggested that a range of options, and not just those associated with management agreements and annual payment, is used for the management and administration of washland areas. [Taken from journal abstract].
590 _aABS
590 _aABS
650 _aFLOOD DEFENCES
650 _aWATER MANAGEMENT
650 _aLand use
_96251
650 _aWASHLAND AREAS
650 _aRURAL ECONOMY
650 _aAGRI-ENVIRONMENT MEASURES
690 _aENVIRONMENT-MANAGEMENT
700 _aBailey, A.
700 _aAlsop, D.
700 _aVivash, R.
700 _aLawson, C.
700 _aLeeds-Harrison, P.
942 _n0
999 _c117851
_d117851